Top 10 Songs by Black Sabbath - Statistics

General Stats
  • This quiz has been taken 12 times
  • The average score is 7 of 10
Answer Stats
Hint Answer % Correct
2 Iron Man
100%
1 Paranoid
100%
3 War Pigs
91%
6 Black Sabbath
82%
4 Sabbath Bloody Sabbath
82%
8 Children of the Grave
64%
5 N.I.B.
55%
7 Heaven and Hell
45%
9 Snowblind
45%
10 Symptom of the Universe
27%
No matching quizzes found
Score Distribution
Percent of People with Each Score
Percentile by Number Answered
Your Score History
You have not taken this quiz